Najgorsze reprezentacje w rankingu FIFA - Statystyki

Ogólne statystyki
  • Ten quiz został rozwiązany 335 razy
  • Średni wynik to 4 z 20
Statystyki odpowiedzi
lp. Reprezentacja % Poprawnych
209. San Marino
97%
196. Gibraltar
40%
194. Samoa
29%
203. Tonga
26%
202. Seszele
23%
206. Sri Lanka
20%
196. Timor Wschodni
19%
195. Bahamy
17%
191. Brunei
17%
205. Erytrea
17%
196. Somalia
16%
200. Pakistan
14%
210. Anguilla
13%
192. Samoa Amerykańskie
12%
200. Aruba
10%
208. Brytyjskie Wyspy Dziewicze
9%
199. Guam
9%
203. Turks i Caicos
7%
207. Wyspy Dziewicze Stanów Zjednoczonych
6%
193. Kajmany
5%
Nie znaleziono quizów pasujących do podanych kryteriów
Rozkład punktacji
Procent ludzi z każdym wynikiem
Percentyl według liczby udzielonych odpowiedzi
Twoja historia wyników
Nie rozwiązałeś tego quizu